Hugo Schmid (1852-1912)

Bibliographic Details
Main Author: Pekařová, Katarína, 1961- (Author)
Format: Article
Language:Slovak
PhysicalDescription:Fotogr.
ISSN:1335-7026
Subjects:
Online Access:http://www.snk.sk/images/snk/casopis_kniznica/2012/jun/61.pdf

MARC

LEADER 00000nab a2200000 a 4500
001 vtls010436703
003 SK-MaSNL
005 20260304230401.0
008 250708|2012 xo |r||||||||||00 b|slo
015 |a SNBRB2012/07  |2 snkbucl 
035 |a (uuid)49bc4943-952b-4a7a-9910-501f0293feb4 
035 |a urn:nbn:sk:snk-abc7ic 
035 |a (urnnbn)urn:nbn:sk:snk:ar-000p9c 
038 |a SNKBUCL 
040 |a SNKBUCL  |b slo  |c SNKBUCL  |e AACR2 
041 0 |a slo 
044 |a xo  |c SK 
080 |a 61-051  |2 2001 
080 |a 929 Schmid, Hugo  |2 2001 
100 1 |a Pekařová, Katarína,  |d 1961-  |4 aut  |9 22688 
245 1 0 |a Hugo Schmid (1852-1912)  |c Katarína Pekařová 
300 |b Fotogr. 
504 |a Bibliogr. odkazy 
600 1 7 |a Schmid, Hugo,  |d 1852-1912  |2 snkbucl  |9 182289 
610 2 7 |a Štátna nemocnica (Bratislava, Slovensko)  |2 snkbucl  |9 272475 
650 0 7 |a lekári  |2 snkbucl  |9 3195 
650 0 7 |a chirurgovia  |2 snkbucl  |9 31045 
651 7 |a Bratislava (Slovensko)  |2 snkbucl 
655 7 |a profily  |2 snkbucl  |9 341977 
773 0 |t Knižnica  |g Roč. 13, č. 6 (2012), s. 61-62  |x 1335-7026 
850 |a Slovenská národná knižnica 
852 |a Slovenská národná knižnica 
856 4 1 |u http://www.snk.sk/images/snk/casopis_kniznica/2012/jun/61.pdf 
954 |a odborná, vedecká literatúra pôvodná (slovenská)  |2 lita 
958 |a article15 
958 |a OND 
958 |a BX 
958 |a NB 
958 |a EUIPO 
999 |c 3182913  |d 3184843